000 00340nam a2200133Ia 4500
008 220216s9999 xx 000 0 und d
100 _aMathew K.J.
245 0 _aModernisation best way to survive crisis
260 _bRubber Asia
_c1999
300 _a28-31
650 _aFinancial crisis
650 _aIndian rubber industry
942 _cBS
999 _c48337
_d48337